| 000 | 00725nam a2200253Ia 4500 | ||
|---|---|---|---|
| 008 | 160404s9999 xx 000 0 und d | ||
| 020 | _a978-971-23-0114-8 | ||
| 050 | _aFIL TX 355 | ||
| 050 | _b.S67 2007 c.1 | ||
| 100 | _aSoriano, Nora Narvaez. | ||
| 245 | 2 | _aA Guide to food selection, preparation and preservation / | |
| 245 | _cNora Narvaez Soriano, | ||
| 250 | _aRevised Edition | ||
| 260 | _aManila : | ||
| 260 | _bRex Book Store, Inc., | ||
| 260 | _c1994 | ||
| 300 | _a170 pages : | ||
| 300 | _billustrations ; | ||
| 300 | _c22 cm. | ||
| 500 | _aIncludes bibliographical references and index. | ||
| 650 | _aFood -- Preservation. | ||
| 650 | _aFood --Selection. | ||
| 650 | _xFood -- Preparation. | ||
| 999 |
_c293131 _d293131 |
||